Japón / (Record no. 110666)

MARC details
000 -LEADER
campo de control de longitud fija 00873nam a2200265 i 4500
001 - NÚMERO DE CONTROL
campo de control 110666
003 - IDENTIFICADOR DE NÚMERO DE CONTROL
campo de control ES-MaACL
005 - FECHA Y HORA DE LA ÚLTIMA TRANSACCIÓN
campo de control 20250914102201.0
007 - CAMPO FIJO DE DESCRIPCIÓN FÍSICA--INFORMACIÓN GENERAL
campo de control de longitud fija t|
008 - DATOS DE LONGITUD FIJA--INFORMACIÓN GENERAL
campo de control de longitud fija 070117s1959 sp ab |||| | spa d
080 ## - NÚMERO DE LA CLASIFICACIÓN DECIMAL UNIVERSAL
Número de la Clasificación Decimal Universal 915.2
245 00 - MENCIÓN DEL TÍTULO
Título Japón /
Mención de responsabilidad, etc. Doré Ogrizek ; prólogo de Georges Duhamel ; textos de Madelein Paul-David ... [et al.] ; ilustraciones de A. Brenet ... [et. al.].
250 ## - MENCION DE EDICION
Mención de edición 1ª ed.
260 ## - PUBLICACIÓN, DISTRIBUCIÓN, ETC.
Lugar de publicación, distribución, etc. Madrid :
Nombre del editor, distribuidor, etc. Castilla,
Fecha de publicación, distribución, etc. 1959.
300 ## - DESCRIPCIÓN FÍSICA
Extensión 412 p. :
Otras características físicas il. col. y n., map. ;
Dimensiones 18 cm.
490 1# - MENCIÓN DE SERIE
Mención de serie El mundo en color ;
Designación de volumen o secuencia 17
651 #4 - PUNTO DE ACCESO ADICIONAL DE MATERIA--NOMBRE GEOGRÁFICO
Nombre geográfico Japón-
Subdivisión general Descripción.
9 (RLIN) 8884
700 1# - ENTRADA AGREGADA--NOMBRE PERSONAL
Nombre de persona Ogrizek, Doré.
9 (RLIN) 86581
700 1# - ENTRADA AGREGADA--NOMBRE PERSONAL
Nombre de persona Duhamel, Georges,
Fechas asociadas al nombre 1884-1966
9 (RLIN) 45938
700 1# - ENTRADA AGREGADA--NOMBRE PERSONAL
Nombre de persona Paul-David, Madelein.
9 (RLIN) 89636
700 1# - ENTRADA AGREGADA--NOMBRE PERSONAL
Nombre de persona Brenet, A.
9 (RLIN) 31582
830 0# - PUNTO DE ACCESO ADICIONAL DE SERIE-TÍTULO UNIFORME
Título uniforme El mundo en color ;
Designación de volumen o secuencia 17
9 (RLIN) 185631
852 ## - LOCALIZACIÓN
Ubicación ES-MaACL
Número de control de estantería E-3768
Holdings
Estatus retirado Estado de pérdida Estado de daño No para préstamo Biblioteca de origen Biblioteca actual Ubicación en estantería Fecha de adquisición Fuente de adquisición Total de préstamos Signatura topográfica completa Código de barras Visto por última vez Precio de reemplazo Tipo de ítem Koha
        Biblioteca del Ateneo de Madrid Biblioteca del Ateneo de Madrid Depósito 2 17/01/2008     E-3768 1115460 23/02/2023 23/02/2023 Libro impreso